| 000 | 00444nab a2200145Ia 4500 | ||
|---|---|---|---|
| 003 | ES-SlBCS | ||
| 005 | 20210601150837.0 | ||
| 008 | 140529s1969 xxu||||| |||| 00| 0 spa d | ||
| 041 | _aspa | ||
| 100 | 1 |
_aPhilipon, María M. _9139017 |
|
| 245 | 0 | 0 |
_aLa espiritualidad del Rosario _c María M. Philipon |
| 650 | 0 | 4 |
_aRosario-Espiritualidad _9327161 |
| 773 | 0 |
_tVida Sobrenatural, la _gvol. 49, nº. 425, 1969, págs. 346-351 _wRev495 |
|
| 942 | _cAR | ||
| 999 |
_c747670 _d747670 |
||